00453nam a2200181Ia 4500008004100000041001200041082000800053082001100061100001600072100001100088245005700099260001200156260002800168260000900196300001500205365002500220650002600245150909s9999 xx 000 0 und d aEnglish a519 bZAL/BE aZellner A  eEditor aBeyesian analysis in econometrics and StatisticsV.1 aNewyork bNorth-Holland Publishng c1980 a200 Pages aRs.66  aPreposterior analysis